[Event "FSV-ch 2009"]
[Site "Dortmund"]
[Date "2009.06.18"]
[Round "8.1"]
[White "Lindam, Ingo"]
[Black "Morawietz, Manuel"]
[Result "1-0"]
[WhiteElo "2051"]
[BlackElo "1817"]
[PlyCount "57"]
[EventDate "2009.??.??"]
[SourceDate "2009.04.03"]

1. d4 Nf6 2. Bg5 Ne4 3. h4 c5 4. dxc5 Na6 5. Nd2 Naxc5 6. Nxe4 Nxe4 7. Qd5 Nxg5
8. hxg5 Qb6 9. O-O-O Qxf2 10. Nf3 e6 11. Qe4 h6 12. e3 Bc5 13. Re1 Qg3 14. Rh3
Qc7 15. Ne5 d6 16. Bb5+ Ke7 17. gxh6 dxe5 18. hxg7 Rg8 19. Qh4+ f6 20. Rf3 Kd6
21. Rd1+ Bd4 22. Rxd4+ exd4 23. Qxd4+ Ke7 24. Qxf6+ Kd6 25. Qf4+ e5 26. Qb4+
Qc5 27. Rf6+ Ke7 28. Qxc5+ Kxf6 29. Qf8+ 1-0

[Event "FSV-ch 2009"]
[Site "Dortmund"]
[Date "2009.06.18"]
[Round "8.2"]
[White "Zelt, Jens"]
[Black "Volmer, Martin"]
[Result "1-0"]
[WhiteElo "2024"]
[BlackElo "1586"]
[PlyCount "87"]
[EventDate "2009.??.??"]
[SourceDate "2009.04.03"]

1. d4 Nf6 2. Nf3 d5 3. c3 e6 4. Bf4 c5 5. e3 Qb6 6. Qb3 Nbd7 7. Nbd2 Qxb3 8.
axb3 b6 9. h3 Be7 10. Be2 O-O 11. O-O a6 12. dxc5 bxc5 13. Ra2 Bd8 14. Rfa1 a5
15. Bd6 Re8 16. b4 cxb4 17. Bxb4 Rb8 18. Bd6 Rb6 19. Bg3 a4 20. Rxa4 Rxb2 21.
Bf1 Nc5 22. Rb4 Rc2 23. Rb8 Bd7 24. Raa8 Be7 25. Rxe8+ Nxe8 26. Ne5 Ba4 27. Nb3
Nxb3 28. Rxa4 f6 29. Nc6 Bd6 30. Ra8 Kf7 31. Ra7+ Kf8 32. Nd8 Rc1 33. Nxe6+ Kg8
34. Bxd6 Nxd6 35. Rxg7+ Kh8 36. Rd7 Kg8 37. Rxd6 Nd2 38. g4 Rxf1+ 39. Kg2 Rc1
40. Rxd5 Ne4 41. Kf3 Nxc3 42. Rd7 h6 43. Rg7+ Kh8 44. Rc7 1-0

[Event "FSV-ch 2009"]
[Site "Dortmund"]
[Date "2009.06.18"]
[Round "8.3"]
[White "Begna, Bozidar"]
[Black "Vöpel, Karl-Heinz"]
[Result "1/2-1/2"]
[WhiteElo "1935"]
[BlackElo "1686"]
[PlyCount "146"]
[EventDate "2009.??.??"]
[SourceDate "2009.04.03"]

1. b3 d5 2. Bb2 Nc6 3. e3 e5 4. Bb5 f6 5. Qh5+ g6 6. Qh4 a6 7. Bxc6+ bxc6 8. f4
Bd6 9. fxe5 Bxe5 10. Bxe5 fxe5 11. Qxd8+ Kxd8 12. Nf3 e4 13. Ne5 Nh6 14. Nxc6+
Kd7 15. Nd4 c5 16. Ne2 Rf8 17. Nbc3 Kd6 18. Rf1 Rxf1+ 19. Kxf1 Bd7 20. Kg1 Rf8
21. Rf1 Rxf1+ 22. Kxf1 g5 23. Ng3 Ke5 24. Ke2 Bg4+ 25. Kf2 Bd7 26. h3 Bc6 27.
Nd1 d4 28. Nb2 Ng8 29. Ne2 Ne7 30. a3 dxe3+ 31. dxe3 Nd5 32. g3 Nb6 33. h4 h6
34. hxg5 hxg5 35. b4 Nd7 36. bxc5 Nxc5 37. Nd4 Bd5 38. Ke1 Nd7 39. Kd2 Nf6 40.
c4 Bb7 41. Na4 Bc8 42. c5 Bg4 43. c6 Kd6 44. Nc3 Ke5 45. Ke1 Ng8 46. Na4 Kd6
47. Nb6 Ne7 48. Nc4+ Kd5 49. Na5 Kc5 50. Kd2 Nd5 51. Nb7+ Kb6 52. Nd6 Bf3 53.
Nf7 g4 54. Ne5 Ne7 55. Nd7+ Kc7 56. Nf6 Nxc6 57. Nxf3 exf3 58. Nxg4 Kd6 59. Kd3
Ne7 60. e4 Nc6 61. Nf2 Ne5+ 62. Kc3 a5 63. g4 Ke6 64. Kd4 a4 65. g5 Kd6 66. Kc3
Ke6 67. Kb4 Kf7 68. Kxa4 Kg6 69. Kb4 Kxg5 70. Kc3 Kf4 71. a4 Ke3 72. Nd1+ Kxe4
73. a5 Kd5 1/2-1/2

[Event "FSV-ch 2009"]
[Site "Dortmund"]
[Date "2009.06.18"]
[Round "8.4"]
[White "Lauche, Christoph"]
[Black "Sonntag, Joachim"]
[Result "1/2-1/2"]
[WhiteElo "1914"]
[BlackElo "1789"]
[PlyCount "137"]
[EventDate "2009.??.??"]
[SourceDate "2009.04.03"]

1. e4 c5 2. b4 cxb4 3. a3 d5 4. exd5 Qxd5 5. Nf3 e5 6. c4 Qe4+ 7. Be2 Nc6 8.
O-O Nf6 9. Re1 Be7 10. Bb2 O-O 11. Bf1 Qf4 12. Nxe5 Ng4 13. Nxg4 Bxg4 14. Be2
Bc5 15. d4 Bxe2 16. Qxe2 Nxd4 17. Qe5 Rae8 18. Qxe8 Rxe8 19. Rxe8+ Bf8 20. axb4
a6 21. Nc3 Ne6 22. Nd5 Qxc4 23. Ne7+ Kh8 24. Re1 Qc2 25. Nd5 Qxb2 26. R1xe6 g6
27. Re2 Qd4 28. Rxf8+ Kg7 29. Rfe8 Qxd5 30. h3 Qd1+ 31. Re1 Qd3 32. R1e4 h5 33.
R8e7 Qc2 34. g4 hxg4 35. hxg4 Qc6 36. Kh2 Qd6+ 37. Kg2 b6 38. g5 a5 39. bxa5
bxa5 40. R7e5 a4 41. Ra5 a3 42. Rea4 Qc6+ 43. Kg3 Qc3+ 44. Kg4 Qc8+ 45. Kh4 Qc1
46. Kg3 Qg1+ 47. Kf3 Qd1+ 48. Kg2 Qe2 49. Rxa3 Qg4+ 50. Rg3 Qe4+ 51. Kh2 Qe2
52. Rg2 Qf3 53. Ra1 Qc3 54. Rf1 Qc4 55. Kg1 Qd4 56. Rg3 Qc5 57. Kg2 Qd5+ 58. f3
Qd2+ 59. Rf2 Qd5 60. Rg4 Qc6 61. Rh4 Qd5 62. Rg4 Qc6 63. Re2 Qd5 64. Kg3 Qd1
65. Rge4 Qg1+ 66. Kf4 Qc5 67. Re7 Qf5+ 68. Kg3 Qxg5+ 69. Kf2 1/2-1/2

[Event "FSV-ch 2009"]
[Site "Dortmund"]
[Date "2009.06.17"]
[Round "8.5"]
[White "Wickenfeld, Stefan"]
[Black "Behler, Nils"]
[Result "0-1"]
[WhiteElo "1833"]
[BlackElo "1807"]
[PlyCount "72"]
[EventDate "2009.??.??"]
[SourceDate "2009.04.03"]

1. e4 e5 2. Bc4 Nf6 3. Nf3 Nc6 4. Ng5 d5 5. exd5 Na5 6. Bb5+ c6 7. dxc6 bxc6 8.
Be2 h6 9. Nf3 e4 10. Ne5 Qd4 11. f4 Bc5 12. Rf1 Qd8 13. c3 Nd5 14. d4 Bd6 15.
g3 Bh3 16. Rg1 Bd7 17. Qa4 Nb7 18. Bg4 Bxe5 19. Bxd7+ Qxd7 20. fxe5 f5 21. exf6
Nxf6 22. Bf4 O-O 23. Nd2 Nd6 24. Bxd6 Qxd6 25. Nc4 Qe6 26. Ne5 c5 27. Qc6 Qh3
28. Qxc5 Qxh2 29. O-O-O Rab8 30. Qc4+ Kh7 31. b4 Rfc8 32. Nc6 Rb6 33. b5 Rcxc6
34. Qxc6 Rxc6 35. bxc6 Nd5 36. c4 Nb4 0-1

[Event "FSV-ch 2009"]
[Site "Dortmund"]
[Date "2009.06.18"]
[Round "8.6"]
[White "Grube, Jörg"]
[Black "Hillebrand, Carsten"]
[Result "1-0"]
[WhiteElo "1800"]
[BlackElo "1878"]
[PlyCount "99"]
[EventDate "2009.??.??"]
[SourceDate "2009.04.03"]

1. e4 c5 2. Nf3 d6 3. d4 cxd4 4. Nxd4 Nf6 5. Nc3 a6 6. Be3 e5 7. Nb3 Be7 8. f3
Be6 9. Qd2 Nbd7 10. O-O-O b5 11. g4 b4 12. Na4 O-O 13. Qxb4 d5 14. Nbc5 d4 15.
Nxe6 fxe6 16. Qc4 Ne8 17. Bd2 Nc7 18. Ba5 Rc8 19. Rd3 Bd6 20. Rb3 Qe7 21. Bxc7
Rxc7 22. Qxa6 Rfc8 23. Bd3 Rc6 24. Qa7 Nc5 25. Qxe7 Nxb3+ 26. axb3 Bxe7 27. Kd2
Bg5+ 28. Ke2 Rxc2+ 29. Bxc2 Rxc2+ 30. Kd3 Rf2 31. b4 Rxf3+ 32. Kc4 d3 33. b5 d2
34. b6 Rf8 35. Kb5 Be3 36. b7 Ba7 37. Nc3 Rd8 38. Ra1 Bb8 39. Ra8 Kf7 40. Rxb8
Rxb8 41. Kb6 Kg6 42. Kc7 Rxb7+ 43. Kxb7 Kg5 44. Kc6 Kxg4 45. b4 Kh3 46. b5 g5
47. b6 g4 48. b7 Kxh2 49. b8=Q g3 50. Qxe5 1-0

[Event "FSV-ch 2009"]
[Site "Dortmund"]
[Date "2009.06.18"]
[Round "8.8"]
[White "Barth, Hans-Joachim"]
[Black "Lemke, Philipp"]
[Result "1-0"]
[WhiteElo "1766"]
[BlackElo "1756"]
[PlyCount "59"]
[EventDate "2009.??.??"]
[SourceDate "2009.04.03"]

1. e4 e5 2. Nf3 Nc6 3. Bb5 a6 4. Ba4 Nf6 5. O-O Be7 6. Re1 b5 7. Bb3 O-O 8. d4
exd4 9. e5 Ne8 10. c3 dxc3 11. Nxc3 Bb7 12. Nd5 h6 13. Nf4 Na5 14. Ng6 Nxb3 15.
Qxb3 c5 16. Nxf8 c4 17. Qe3 Bxf8 18. Bd2 Qc8 19. Nd4 Bc5 20. Rad1 Nc7 21. Qg3
Bxd4 22. Bxh6 Bxf2+ 23. Kxf2 Ne6 24. Rd6 Kh7 25. Rxe6 gxh6 26. Rf6 Qf8 27. Qf4
Bd5 28. Re3 Be6 29. Kf1 Rc8 30. Rh3 1-0

[Event "FSV-ch 2009"]
[Site "Dortmund"]
[Date "2009.06.18"]
[Round "8.9"]
[White "Jost, Udo"]
[Black "Weischer, Wolfgang"]
[Result "0-1"]
[WhiteElo "1826"]
[BlackElo "1578"]
[PlyCount "112"]
[EventDate "2009.??.??"]
[SourceDate "2009.04.03"]

1. b3 c5 2. Bb2 Nc6 3. f4 e6 4. Nf3 Nf6 5. e3 a6 6. a3 b5 7. Ne5 Bb7 8. h4 h5
9. d4 Rc8 10. Nd2 cxd4 11. exd4 Ne7 12. c4 Nf5 13. Rh3 d6 14. cxb5 dxe5 15.
bxa6 Bc6 16. fxe5 Ng4 17. Nc4 Nxh4 18. Qd2 Be7 19. Bc3 Bg5 20. Qc2 Nf5 21. Rd1
Nge3 22. Qf2 Nxd1 23. Kxd1 Bb5 24. g4 Bxc4 25. Bxc4 Bh4 26. Qg1 hxg4 27. Qxg4
Kf8 28. d5 exd5 29. Bb4+ Kg8 30. Bd3 Qg5 31. Qxg5 Bxg5 32. Rxh8+ Kxh8 33. Bxf5
Ra8 34. Bd3 Be3 35. Ke2 Ba7 36. Bb5 Rc8 37. Kd2 g5 38. Be7 g4 39. Bd7 Rg8 40.
Bf5 Rb8 41. b4 g3 42. Bh3 Rg8 43. Bg2 Rg4 44. Kc2 Rf4 45. Bc5 Bxc5 46. bxc5 Ra4
47. Kb3 Rxa6 48. Bxd5 Ra7 49. c6 Kg7 50. Kb4 Kf8 51. a4 Ke7 52. a5 Kd8 53. Bg2
Kc7 54. Kb5 Ra8 55. a6 {(=)} 55... Re8 56. a7 Rxe5+ {
und Weiss gab auf. Warum eigentlich?} 0-1

[Event "FSV-ch 2009"]
[Site "Dortmund"]
[Date "2009.06.18"]
[Round "8.10"]
[White "Hübel, Carsten"]
[Black "Bommert, Christian"]
[Result "0-1"]
[WhiteElo "1272"]
[BlackElo "1644"]
[PlyCount "34"]
[EventDate "2009.??.??"]
[SourceDate "2009.04.03"]

1. f4 e5 2. d3 Bc5 3. Nf3 Nc6 4. fxe5 d6 5. Bf4 dxe5 6. Bg3 Nf6 7. Nc3 Ng4 8.
e4 O-O 9. h3 Ne3 10. Qd2 Nd4 11. Rc1 f5 12. Nxd4 exd4 13. Nb5 f4 14. Bf2 c6 15.
b4 Be7 16. Na3 a5 17. bxa5 Bxa3 0-1

[Event "FSV-ch 2009"]
[Site "Dortmund"]
[Date "2009.06.18"]
[Round "8.11"]
[White "Raskin, Vitali"]
[Black "Benke, Werner"]
[Result "1/2-1/2"]
[WhiteElo "1635"]
[BlackElo "1530"]
[PlyCount "119"]
[EventDate "2009.??.??"]
[SourceDate "2009.04.03"]

1. d4 Nf6 2. c4 e6 3. Nc3 d5 4. Bg5 Be7 5. e3 Nbd7 6. Nf3 O-O 7. cxd5 exd5 8.
Bd3 h6 9. Bh4 c6 10. O-O Nh7 11. Bxe7 Qxe7 12. Re1 Ndf6 13. h3 Ne4 14. Bxe4
dxe4 15. Ne5 Nf6 16. Qb3 Be6 17. Qc2 Bd5 18. a3 a5 19. Rab1 Rfd8 20. b4 axb4
21. axb4 Qd6 22. b5 Rdc8 23. Nxd5 cxd5 24. Qb3 Ra3 25. Qb2 Rca8 26. Rec1 Nd7
27. Nxd7 Qxd7 28. b6 Qf5 29. Ra1 Rxa1 30. Rxa1 Rc8 31. Rc1 Rc4 32. Ra1 Qc8 33.
Qb5 Qd8 34. Ra7 Rc1+ 35. Kh2 Qd6+ 36. g3 Rc2 37. Kg2 Qf6 38. Ra8+ Kh7 39. Qf1
Qxb6 40. Rf8 Qf6 41. Rb8 Qf3+ 42. Kg1 Rd2 43. Qg2 Qe2 44. Rxb7 Rd1+ 45. Kh2 Kg6
46. g4 Rd2 47. Kg3 Qa6 48. Rb1 Qd6+ 49. Kh4 Kh7 50. g5 Qg6 51. Rg1 h5 52. Qg3
Qf5 53. Rg2 g6 54. f4 Rd3 55. Rc2 Qd7 56. Qf2 Ra3 57. Rc5 Qe6 58. Rc2 Rd3 59.
Rc5 Ra3 60. Rc2 1/2-1/2

[Event "FSV-ch 2009"]
[Site "Dortmund"]
[Date "2009.06.18"]
[Round "8.14"]
[White "Tautz, Eugen"]
[Black "Kirmes, Hans-Uwe"]
[Result "1/2-1/2"]
[WhiteElo "1419"]
[BlackElo "1479"]
[PlyCount "87"]
[EventDate "2009.??.??"]
[SourceDate "2009.04.03"]

1. c4 Nf6 2. d4 e6 3. Nc3 b6 4. Bg5 Bb7 5. e3 Be7 6. Nf3 c5 7. Be2 O-O 8. O-O
Ne4 9. Bxe7 Qxe7 10. Nb5 d5 11. dxc5 Nxc5 12. b3 Rd8 13. Qc2 Nc6 14. a3 dxc4
15. Bxc4 Na5 16. Nfd4 a6 17. Nc3 Nxc4 18. bxc4 Rd6 19. Nb3 Qg5 20. f4 Qe7 21.
Nxc5 bxc5 22. Rfd1 Rad8 23. Rxd6 Rxd6 24. Rd1 Qd7 25. Rxd6 Qxd6 26. Qd1 Qxd1+
27. Nxd1 Kf8 28. Nc3 Ke7 29. e4 f6 30. g3 Kd6 31. Kf2 a5 32. Ke3 Ba6 33. Kd3
Bb7 34. Nb5+ Ke7 35. e5 a4 36. Nd6 Bc6 37. h4 f5 38. Nb5 h5 39. Nc7 Be4+ 40.
Kc3 Kd7 41. Nb5 Bc6 42. Nd6 Kc7 43. Nf7 Kd7 44. Nd6 1/2-1/2

[Event "FSV-ch 2009"]
[Site "Dortmund"]
[Date "2009.06.18"]
[Round "8.15"]
[White "Raabe, Hans-Ulrich"]
[Black "Vogt, Christian"]
[Result "0-1"]
[WhiteElo "1520"]
[BlackElo "1140"]
[PlyCount "42"]
[EventDate "2009.??.??"]
[SourceDate "2009.04.03"]

1. e4 e5 2. Nf3 Nf6 3. Nxe5 d6 4. Nf3 Nxe4 5. d4 d5 6. Nc3 Bb4 7. Bd2 Bxc3 8.
Bxc3 Nxc3 9. bxc3 O-O 10. Be2 b6 11. O-O Ba6 12. Re1 Bxe2 13. Qxe2 Nd7 14. Qb5
c5 15. Re2 cxd4 16. cxd4 Nf6 17. Rae1 Ne4 18. Re3 Rc8 19. Nd2 Nxd2 20. Re7 Ne4
21. Rd7 Qf6 0-1

[Event "FSV-ch 2009"]
[Site "Dortmund"]
[Date "2009.06.18"]
[Round "8.16"]
[White "Schaefer, Ulrich"]
[Black "Reinacher, Detlev"]
[Result "0-1"]
[WhiteElo "1289"]
[BlackElo "1533"]
[PlyCount "82"]
[EventDate "2009.??.??"]
[SourceDate "2009.04.03"]

1. e4 d6 2. d4 g6 3. Nc3 Bg7 4. h3 c6 5. Nf3 Nd7 6. Bc4 b5 7. Be2 Bb7 8. O-O a6
9. Bg5 Qc7 10. Qd2 Ngf6 11. Rfe1 O-O 12. Bh6 Rfd8 13. Bd3 e5 14. dxe5 dxe5 15.
Qg5 Bh8 16. Rad1 c5 17. a3 Re8 18. Rd2 c4 19. Be2 Nc5 20. Red1 Nfxe4 21. Nxe4
Nxe4 22. Rd7 Qxd7 23. Rxd7 Nxg5 24. Nxg5 f6 25. Nxh7 Be4 26. c3 Red8 27. Re7 g5
28. Bg4 Rd6 29. Nxg5 fxg5 30. Be6+ Rxe6 31. Rxe6 g4 32. hxg4 Bd3 33. g5 Ra7 34.
g6 Ra8 35. f4 exf4 36. Bxf4 Rf8 37. Bh6 Ra8 38. g4 Bg7 39. g5 a5 40. Rb6 b4 41.
cxb4 Bd4+ 0-1

[Event "FSV-ch 2009"]
[Site "Dortmund"]
[Date "2009.06.18"]
[Round "8.17"]
[White "Milonas, Georgios"]
[Black "Krüger, Inge"]
[Result "1-0"]
[WhiteElo "1462"]
[BlackElo "1336"]
[PlyCount "51"]
[EventDate "2009.??.??"]
[SourceDate "2009.04.03"]

1. e4 e6 2. d4 d5 3. Nc3 Nf6 4. e5 Nfd7 5. f4 c5 6. Nf3 Be7 7. Be3 O-O 8. Qd2
cxd4 9. Nxd4 Nb6 10. O-O-O Nc4 11. Bxc4 dxc4 12. Qe2 b6 13. Nxe6 Qxd1+ 14. Rxd1
Bxe6 15. Nb5 Rc8 16. Nd6 Bxd6 17. exd6 Nd7 18. g4 Nf6 19. f5 Bd5 20. g5 Ne4 21.
Rxd5 c3 22. Bd4 cxb2+ 23. Kxb2 Nxg5 24. Qg4 f6 25. h4 Nf7 26. Bxf6 1-0

[Event "FSV-ch 2009"]
[Site "Dortmund"]
[Date "2009.06.18"]
[Round "8.18"]
[White "Skalweit, Wolfgang"]
[Black "Geelhaar, Thorsten"]
[Result "0-1"]
[WhiteElo "1347"]
[BlackElo "1757"]
[PlyCount "60"]
[EventDate "2009.??.??"]
[SourceDate "2009.04.03"]

1. f4 a6 2. Nf3 b5 3. e3 Bb7 4. Be2 e6 5. a3 Be7 6. b4 Bh4+ 7. g3 Bf6 8. d4 d6
9. c3 Nd7 10. O-O h5 11. Nbd2 Nh6 12. Nb3 Rc8 13. Na5 Ba8 14. Qd3 h4 15. e4 c5
16. e5 c4 17. Qd2 hxg3 18. hxg3 Nf5 19. Qe1 Rh3 20. exf6 Rxg3+ 21. Kf2 Qxf6 22.
Rg1 Rxf3+ 23. Bxf3 Qh4+ 24. Ke2 Bxf3+ 25. Kxf3 Qh3+ 26. Kf2 Nf6 27. Qe2 d5 28.
Ke1 Qxc3+ 29. Kd1 Qxd4+ 30. Bd2 Qxa1+ 0-1

[Event "FSV-ch 2009"]
[Site "Dortmund"]
[Date "2009.06.18"]
[Round "8.20"]
[White "Rüttiger, Volker"]
[Black "Gennat, Egon L"]
[Result "0-1"]
[WhiteElo "1217"]
[BlackElo "1407"]
[PlyCount "98"]
[EventDate "2009.??.??"]
[SourceDate "2009.04.03"]

1. Nf3 Nf6 2. c4 g6 3. b3 Bg7 4. Bb2 b6 5. d3 O-O 6. Nbd2 Bb7 7. e3 d6 8. Be2
Nbd7 9. Qc2 e5 10. O-O Re8 11. b4 a6 12. e4 Nf8 13. Rfe1 Rc8 14. a4 Ne6 15. Nf1
c5 16. b5 Nd4 17. Nxd4 cxd4 18. Ng3 Rc7 19. Bc1 Nd7 20. Bd2 a5 21. Qc1 Nc5 22.
Ra3 Bc8 23. h4 Rf8 24. h5 f5 25. exf5 Bxf5 26. Nxf5 gxf5 27. Bg5 Bf6 28. Bh6
Rff7 29. g3 Ne6 30. Bf3 Kh8 31. Bd5 Rfe7 32. Kg2 Qg8 33. Qd1 Bg5 34. Bxg5 Qxg5
35. Rh1 h6 36. Qf3 Rc8 37. Bb7 Rc5 38. Ba6 Qg8 39. Qxf5 Nf4+ 40. Kf1 Rf7 41.
Qe4 Ne6 42. Bb7 Qxg3 43. Qg2 Qe3 44. Rb3 Qc1+ 45. Ke2 Nf4+ 46. Kf3 Nxg2+ 47.
Kxg2 Qc2 48. Rbb1 Qxf2+ 49. Kh3 Rf4 0-1

[Event "FSV-ch 2009"]
[Site "Dortmund"]
[Date "2009.06.18"]
[Round "8.21"]
[White "Skoecz, Horst"]
[Black "Maffei, Hendrik"]
[Result "1-0"]
[WhiteElo "1394"]
[BlackElo "1180"]
[PlyCount "87"]
[EventDate "2009.??.??"]
[SourceDate "2009.04.03"]

1. e4 g6 2. Bc4 e6 3. Nc3 Bg7 4. d4 Ne7 5. Nf3 O-O 6. Bf4 c6 7. e5 d5 8. exd6
Nf5 9. Ne4 Qb6 10. c3 Nxd4 11. Nxd4 e5 12. Bg5 exd4 13. Nf6+ Bxf6 14. Bxf6 c5
15. O-O Qxd6 16. Bh4 Qf4 17. Bg3 Qf6 18. Re1 Be6 19. Be5 Qg5 20. f4 Qe7 21.
Bxe6 fxe6 22. cxd4 Nd7 23. dxc5 Nxe5 24. fxe5 Qxc5+ 25. Kh1 Rad8 26. Qb3 Rd5
27. Qxb7 Qf2 28. Qc6 Rxe5 29. Qc3 Ref5 30. Qc4 R5f6 31. h3 Kg7 32. Qc3 Qb6 33.
Rad1 Kg8 34. Rd7 Qb8 35. Qc4 Qxb2 36. Rxa7 Qf2 37. Rxe6 Qxa7 38. Rxf6+ Kg7 39.
Rc6 Kh6 40. Rc7 Qf2 41. Qc1+ Rf4 42. Rf7 g5 43. Qc6+ Rf6 44. Rxf6+ 1-0

[Event "FSV-ch 2009"]
[Site "Dortmund"]
[Date "2009.06.18"]
[Round "8.22"]
[White "Hast, Stefan"]
[Black "Weih, Kurt"]
[Result "0-1"]
[WhiteElo "1185"]
[BlackElo "1305"]
[PlyCount "58"]
[EventDate "2009.??.??"]
[SourceDate "2009.04.03"]

1. e4 e5 2. Nf3 Nc6 3. Bc4 Nf6 4. Ng5 d5 5. exd5 Na5 6. Bb5+ Bd7 7. Qe2 Bd6 8.
d4 O-O 9. Bxd7 Qxd7 10. O-O Nxd5 11. Qe4 Nf6 12. Qd3 exd4 13. Nf3 c5 14. Bd2
Nc6 15. c3 dxc3 16. Qxc3 Qc7 17. Qc2 Ng4 18. g3 Rad8 19. Bc3 Be5 20. Nbd2 Nd4
21. Bxd4 cxd4 22. Qxc7 Bxc7 23. Nb3 d3 24. Rad1 Rfe8 25. Rfe1 Bb6 26. Rxe8+
Rxe8 27. Rd2 Re2 28. Rxe2 dxe2 29. Nbd4 Bxd4 0-1

[Event "FSV-ch 2009"]
[Site "Dortmund"]
[Date "2009.06.18"]
[Round "8.23"]
[White "Herrmann, Rudolf"]
[Black "Wangrin, Stefan A"]
[Result "1-0"]
[WhiteElo "1399"]
[BlackElo "948"]
[PlyCount "113"]
[EventDate "2009.??.??"]
[SourceDate "2009.04.03"]

1. d4 Nf6 2. Nf3 c6 3. c4 d5 4. Nc3 e6 5. e3 Bb4 6. a3 Ba5 7. b4 Bc7 8. cxd5
exd5 9. Be2 Ne4 10. Bb2 Nd7 11. Nxe4 dxe4 12. Nd2 Nf6 13. Qc2 O-O 14. Nxe4 Bf5
15. Nxf6+ Qxf6 16. Bd3 Bxd3 17. Qxd3 Qg6 18. Qxg6 hxg6 19. Rc1 Bd8 20. h4 Bf6
21. Rc2 Rfe8 22. h5 gxh5 23. Rxh5 Rad8 24. Rd2 Re4 25. Ke2 Rd5 26. Rxd5 cxd5
27. Rc2 b5 28. Rc8+ Kh7 29. Rc5 Rh4 30. Rxd5 Rh2 31. g3 Be7 32. Rd7 Bf8 33.
Rxf7 Bd6 34. Kf3 Kh6 35. d5 g6 36. Rxa7 Bf8 37. Ra8 Bg7 38. Bxg7+ Kxg7 39. Rb8
Rh5 40. Rxb5 Rf5+ 41. Ke2 Kh6 42. a4 Rf8 43. d6 g5 44. d7 g4 45. Rd5 Rd8 46. b5
Kg6 47. a5 Kf6 48. Rd4 Ke6 49. a6 Kf5 50. a7 Ke6 51. a8=Q Rf8 52. Qxf8 Ke5 53.
Qe8+ Kf5 54. Rf4+ Kg5 55. Qg8+ Kh6 56. Qxg4 Kh7 57. Rf5 1-0

[Event "FSV-ch 2009"]
[Site "Dortmund"]
[Date "2009.06.18"]
[Round "8.25"]
[White "Kittel, Swetlana"]
[Black "Wickenfeld, Udo"]
[Result "1-0"]
[WhiteElo "946"]
[BlackElo "1220"]
[PlyCount "92"]
[EventDate "2009.??.??"]
[SourceDate "2009.04.03"]

1. e4 c5 2. c4 d6 3. Nc3 g6 4. Nf3 Bg7 5. Be2 Nf6 6. e5 dxe5 7. Nxe5 O-O 8. Nd3
Na6 9. O-O Qd4 10. b3 Bf5 11. Nb2 Nb4 12. Nb5 Qd7 13. d3 a6 14. Nc3 Bg4 15. a3
Nc6 16. Nba4 Bxe2 17. Qxe2 Qd6 18. Be3 Nd4 19. Qb2 Ng4 20. g3 Nf3+ 21. Kg2
Nfxh2 22. Bxc5 Qc6+ 23. Kg1 Nxf1 24. Rxf1 Rfe8 25. Qe2 Ne5 26. Nd5 Bf6 27. f4
Nd7 28. Bxe7 Kg7 29. Re1 Bxe7 30. Nxe7 Qf6 31. Qe4 b5 32. cxb5 axb5 33. Qb7
Qd4+ 34. Kh1 bxa4 35. f5 f6 36. Qf3 Ne5 37. Qb7 Ra7 38. Nc6+ Qd7 39. Qb6 Qd5+
40. Re4 Rf7 41. Nb4 Qxb3 42. Qb5 Qd1+ 43. Kg2 Qe2+ 44. Rxe2 Rfe7 45. Nd5 Kf7
46. d4 Nd7 1-0

[Event "FSV-ch 2009"]
[Site "Dortmund"]
[Date "2009.06.18"]
[Round "8.26"]
[White "Grüneberg, Ingo"]
[Black "Griese, Andreas"]
[Result "0-1"]
[WhiteElo "1171"]
[BlackElo "1145"]
[PlyCount "67"]
[EventDate "2009.??.??"]
[SourceDate "2009.04.03"]

1. d4 d5 2. c4 e6 3. Nc3 Nf6 4. Bg5 Be7 5. Nf3 O-O 6. e3 Nbd7 7. Bd3 c5 8. cxd5
exd5 9. O-O cxd4 10. Nxd4 Nc5 11. Bc2 Nce4 12. Nxe4 Nxe4 13. Bxe7 Qxe7 14. Qd3
Bd7 15. f3 Nf6 16. Rfe1 g6 17. Rac1 a6 18. Bb3 Rac8 19. a3 b5 20. Rc2 Rxc2 21.
Bxc2 Rc8 22. e4 dxe4 23. fxe4 Qe5 24. Re2 Rc4 25. Nf3 Qc7 26. Kf1 Bg4 27. Rd2
Nxe4 28. Qd8+ Qxd8 29. Rxd8+ Kg7 30. Rd4 Rxc2 31. Rxe4 Bf5 32. Rb4 Rc4 33. Rb3
Be6 34. Ne5 0-1

[Event "FSV-ch 2009"]
[Site "Dortmund"]
[Date "2009.06.18"]
[Round "8.27"]
[White "Oelze, Eckhardt"]
[Black "Bönke, Holger E"]
[Result "0-1"]
[WhiteElo "984"]
[BlackElo "1064"]
[PlyCount "66"]
[EventDate "2009.??.??"]
[SourceDate "2009.04.03"]

1. e4 e6 2. d4 d5 3. Qd3 Nf6 4. exd5 exd5 5. Nc3 Bd6 6. Nf3 O-O 7. Be2 Be6 8.
h3 Qd7 9. g4 Na6 10. a3 c6 11. Bg5 Be7 12. Bxf6 Bxf6 13. g5 Be7 14. h4 Bf5 15.
Qd2 Rae8 16. O-O-O b5 17. b4 Qc7 18. Bd3 g6 19. h5 Bd6 20. Ne2 Bg4 21. Nh4 Bxe2
22. Bxe2 Bf4 23. hxg6 Bxd2+ 24. Rxd2 fxg6 25. Bd3 Kg7 26. Rf1 Rf4 27. Ng2 Rxd4
28. f4 Rf8 29. Rdf2 c5 30. Kd2 cxb4 31. axb4 Nxb4 32. c3 Rxd3+ 33. Ke2 Qxc3 0-1

[Event "FSV-ch 2009"]
[Site "Dortmund"]
[Date "2009.06.18"]
[Round "8.29"]
[White "Böckmann, Lieselotte"]
[Black "Rabe, Mark"]
[Result "1-0"]
[WhiteElo "972"]
[BlackElo "950"]
[PlyCount "129"]
[EventDate "2009.??.??"]
[SourceDate "2009.04.03"]

1. d4 d5 2. Nf3 Bf5 3. e3 Nf6 4. Nc3 e6 5. a3 c6 6. b4 Ne4 7. Bb2 Be7 8. Be2
O-O 9. Nxe4 Bxe4 10. O-O Nd7 11. Ne1 Bd6 12. f4 f5 13. g3 Rf6 14. Rf2 Rg6 15.
Nf3 Nf6 16. Ng5 Qe7 17. h3 h6 18. Bh5 Nxh5 19. Qxh5 hxg5 20. Qxg6 Qf6 21. Qh5
g4 22. Rh2 Qh6 23. hxg4 Kh7 24. g5 Qxh5 25. Rxh5+ Kg6 26. Rh2 Bxc2 27. Rxc2 Rh8
28. Rg2 Rh3 29. Bc3 Kh5 30. Kf2 Kg4 31. Rag1 g6 32. a4 a6 33. Ke2 Be7 34. Kd3
Kf3 35. Ra2 b6 36. Rf1+ Kg4 37. Be1 Bd6 38. Bf2 Bxb4 39. Rb2 Ba5 40. Rbb1 Rh2
41. Be1 Bxe1 42. Rfxe1 Ra2 43. Rxb6 Ra3+ 44. Kc2 Rxa4 45. Rxc6 Kxg3 46. Rxe6
Rc4+ 47. Kb3 a5 48. Rxg6 Kf2 49. Ra1 Kxe3 50. Rd6 Rxd4 51. g6 Kxf4 52. g7 Rd3+
53. Ka4 Rg3 54. Rd7 Ke5 55. Re1+ Kd4 56. Kxa5 Rg6 57. Kb5 f4 58. Rd1+ Ke3 59.
R1xd5 f3 60. Re7+ Kf4 61. Rd1 f2 62. Rf7+ Kg3 63. Rf1 Rg5+ 64. Kc4 Rg4+ 65. Kd3
1-0

[Event "FSV-ch 2009"]
[Site "Dortmund"]
[Date "2009.06.25"]
[Round "9.1"]
[White "Zelt, Jens"]
[Black "Lindam, Ingo"]
[Result "1/2-1/2"]
[WhiteElo "2021"]
[BlackElo "2051"]
[PlyCount "70"]
[EventDate "2009.??.??"]
[SourceDate "2009.04.03"]

1. d4 f5 2. h4 Nf6 3. g3 Nc6 4. Bg2 e5 5. dxe5 Nxe5 6. Nh3 Bc5 7. O-O c6 8. b3
O-O 9. Ba3 Bxa3 10. Nxa3 Qe7 11. Qc1 d5 12. Qb2 b5 13. c3 a5 14. Nc2 Ne4 15.
Nd4 Bd7 16. Nf3 Ng4 17. e3 a4 18. Rac1 axb3 19. axb3 Qa3 20. Qc2 Qc5 21. Rfe1
Ra3 22. Nfg5 h6 23. Nxe4 fxe4 24. c4 Ne5 25. cxd5 Qxc2 26. Rxc2 Bxh3 27. Bxh3
Nf3+ 28. Kf1 Nxe1 29. Be6+ Kh8 30. Kxe1 cxd5 31. Bxd5 Rd8 32. Be6 Re8 33. Bd5
Rd8 34. Be6 Re8 35. Bd5 Rd8 1/2-1/2

[Event "FSV-ch 2009"]
[Site "Dortmund"]
[Date "2009.06.25"]
[Round "9.2"]
[White "Morawietz, Manuel"]
[Black "Grube, Jörg"]
[Result "0-1"]
[WhiteElo "1817"]
[BlackElo "1800"]
[PlyCount "58"]
[EventDate "2009.??.??"]
[SourceDate "2009.04.03"]

1. e4 e5 2. Nf3 Nc6 3. Bb5 a6 4. Bxc6 dxc6 5. d4 exd4 6. Qxd4 Qxd4 7. Nxd4 c5
8. Nb3 b6 9. O-O Bb7 10. Nc3 O-O-O 11. Be3 Nf6 12. f3 h6 13. Rad1 Re8 14. Rd2
g5 15. h4 g4 16. Bf4 Rg8 17. Kf2 Nh5 18. Ne2 f5 19. exf5 gxf3 20. gxf3 Be7 21.
Rh1 Ref8 22. Bxh6 Rxf5 23. Rh3 Nf6 24. Ke3 Re8 25. Bg5 Bd6+ 26. Kd3 Bxf3 27.
Bxf6 Rxf6 28. Nc3 Bg4 29. Ne4 Rxe4 0-1

[Event "FSV-ch 2009"]
[Site "Dortmund"]
[Date "2009.06.25"]
[Round "9.3"]
[White "Behler, Nils"]
[Black "Begna, Bozidar"]
[Result "0-1"]
[WhiteElo "1807"]
[BlackElo "1941"]
[PlyCount "38"]
[EventDate "2009.??.??"]
[SourceDate "2009.04.03"]

1. e4 d6 2. d4 Nf6 3. Nc3 e5 4. Nf3 Nbd7 5. Bc4 Be7 6. Bb3 c6 7. O-O O-O 8.
dxe5 dxe5 9. h3 Qc7 10. Be3 Nc5 11. Nd2 b5 12. a3 Ne6 13. Ba2 a6 14. Rc1 Rd8
15. Qe1 Nf4 16. Ne2 c5 17. Kh2 c4 18. f3 Bc5 19. Qf2 Rxd2 0-1